LEADER 00910nam0-22002891i-450- 001 990007105150403321 005 20020709 035 $a000710515 035 $aFED01000710515 035 $a(Aleph)000710515FED01 035 $a000710515 100 $a20020709d1948----km-y0itay50------ba 101 0 $aita 102 $aIT 105 $ay-------001yy 200 1 $aBanca e moneta dalla crociata alla rivoluzione francese$ele origini storiche dei problemi bancari e monetari contemporanei$fLamberto Incarnati 210 $aRoma$cRamo Editoriale degli agricoltori$d1948 215 $a210 p.$d24 cm 700 1$aIncarnati,$bLamberto$0137932 801 0$aIT$bUNINA$gRICA$2UNIMARC 901 $aBK 912 $a990007105150403321 952 $aXV M 418$bs.i.$fFGBC 952 $aXV M 155$b29879$fFGBC 959 $aFGBC 996 $aBanca e moneta dalla crociata alla rivoluzione francese$9705179 997 $aUNINA